000 00838Cam#a2200265#a#4500
001 022938
003 AR-BeUNQ
005 20260213140813.0
008 110624s2011####ag a ||b |||||||spa#d
020 _a9789876291613
040 _aAR-BeUNQ
_eaacr
_cAR-BeUNQ
082 0 4 _a507
_221
100 1 _aArbiser, Ariel.
245 0 2 _aEl jugador científico :
_bpor qué perdemos al póker, la lotería, la ruleta...
_cAriel Arbiser.
250 _a1a. ed.
260 _aBuenos Aires :
_bSiglo Veintiuno Editores Argentina,
_cc2011.
300 _a143 p. :
_bil. ;
_c19 cm.
490 1 _aCiencia que ladra....
650 7 _aDivulgación científica
_2spines
650 7 _aTeoría de juego
_2spines
650 7 _aJuego
_2toit
830 0 _aCiencia que ladra... (UNQ).
929 _aDONACION
_d0
_e03/05/2022
_fpat0082219
_j59303
942 _cLIB
999 _c229
_d229